000 00684nam a2200265Ia 4500
005 20260121170957.0
008 008 260114s9999 xx 000 0 eng d
020 _a9783319967707
037 _aEBOOK
040 _aCRL
040 _beng
040 _cCRL
041 _2eng
041 _aeng
084 _qCRL
100 _aBarbara Leonardi
_91070507
245 0 _aIntersections of Gender, Class, and Race in the Long Nineteenth Century and Beyond
260 _bSpringer
260 _bSpringer
260 _c2018
856 _uhttps://link.springer.com/openurl?genre=book&isbn=978-3-319-96770-7
942 _cEBOOK
999 _c1636237
_d1636237